| 000 | 00380 a2200133 4500 | ||
|---|---|---|---|
| 005 | 20250414151928.0 | ||
| 082 | _a658.84 BEA | ||
| 100 | _aBEAUMONT, J. A. | ||
| 245 | _aJob Activity Guide I for Your Job in Distribution | ||
| 260 |
_aNew York, _bMcGraw-Hill, _c1968. |
||
| 300 |
_aiv, 155p., ill., table, figure, picture, _c25CM. |
||
| 700 | _aLANGAN, K. H. | ||
| 942 |
_2ddc _cBKS |
||
| 999 |
_c1405 _d1405 |
||